[Event "EU-ch U18 26th"]
[Site "Prague"]
[Date "2016.08.27"]
[Round "9"]
[White "Livaic, Leon"]
[Black "Kantor, Gergely"]
[Result "0-1"]
[WhiteElo "2444"]
[BlackElo "2411"]
[PlyCount "58"]
[EventDate "2016.08.18"]
[EventType "swiss"]
[EventRounds "9"]
[EventCountry "CZE"]
[SourceTitle "CBM 174 Extra"]
[Source "ChessBase"]
[SourceDate "2016.10.10"]
[SourceVersion "1"]
[SourceVersionDate "2016.10.10"]
[SourceQuality "1"]

1. d4 e6 2. c4 b6 3. Nc3 Bb7 4. Nf3 Bb4 5. e3 f5 6. Bd3 Nf6 7. O-O O-O 8. Bd2
a5 9. a3 Bd6 10. Nb5 Be7 11. Ne1 Na6 12. f3 Qe8 13. Qe2 Qh5 14. Nc2 Rae8 15.
Rab1 d6 16. b4 axb4 17. Nxb4 Bd8 18. Nxa6 Bxa6 19. c5 bxc5 20. dxc5 dxc5 21.
Rfc1 c6 22. Nc3 Bxd3 23. Qxd3 Bc7 24. h3 Rd8 25. Qe2 g5 26. Be1 g4 27. hxg4
Qh2+ 28. Kf1 Qh1+ 29. Kf2 Nxg4+ 0-1

[Event "Grenke Chess Classic 3rd"]
[Site "Baden-Baden"]
[Date "2015.02.06"]
[Round "4"]
[White "Anand, Viswanathan"]
[Black "Carlsen, Magnus"]
[Result "0-1"]
[WhiteElo "2797"]
[BlackElo "2865"]
[Annotator "Roiz,M"]
[PlyCount "72"]
[EventDate "2015.02.02"]
[EventType "tourn"]
[EventRounds "7"]
[EventCountry "GER"]
[EventCategory "20"]
[SourceTitle "CBM 165"]
[Source "ChessBase"]
[SourceDate "2015.03.11"]
[SourceVersion "1"]
[SourceVersionDate "2015.03.11"]
[SourceQuality "1"]

1. d4 f5 2. g3 Nf6 3. Bg2 e6 4. c4 c6 5. Nf3 d5 {The Stonewall system must
have come as a surprise for Vishy. Magnus prefers to deviate from the main
theoretical lines as soon as possible.} 6. O-O Bd6 7. b3 Qe7 {Avoiding the
exchange of the dark-squared bishops.} 8. Ne5 O-O 9. Nd2 {White goes for a
classical plan of occupying the central square with both of his knights.} a5 {
A typical useful move for such a structure - Black is getting some space for
his q-side pieces and preventing White from advancing the b-pawn.} (9... c5 10.
e3 Nc6 11. Bb2 cxd4 12. exd4 $14) (9... Nbd7 10. Ndf3 Ne4 11. Bf4 $14) (9... b6
10. cxd5 exd5 (10... cxd5 11. Ndc4 $1 $14) 11. Bb2 Bb7 12. Rc1 $14) 10. Bb2 {
This natural developing move seems most promising.} ({Black doesn't experience
any problems after} 10. Ndf3 b6 11. Qc2 Bb7 12. Bf4 Ne4 13. Nd3 Bxf4 14. Nxf4
Nd7 $11) 10... Nbd7 (10... b6 11. cxd5 exd5 12. Rc1 Bb7 13. e3 $14) 11. Qc2 a4
12. Ndf3 {Vishy decides not to react to the aggressive advance of Black's
a-pawn.} ({The previously played} 12. bxa4 $5 {also comes to consideration:}
Ne4 13. Nxe4 (13. Ndf3 Bxe5 14. dxe5 $6 Nb6 15. cxd5 exd5 16. Rab1 Nc4 $15 {
0-1 (29) Goganov,A (2550)-Sandipan,C (2590)/Moscow RUS 2013}) 13... fxe4 14. f4
exf3 15. Nxf3 $14) 12... Ne4 13. e3 $146 {This innovation doesn't really
change the evaluation - White is slightly better due to a space advantage, but
Black's position is very solid.} ({Also worth considering is} 13. Rab1 $5 {
freeing the a1-square for the bishop is more promising. For instance,} a3 (
13... Bxe5 14. dxe5 Qb4 15. Rfd1 $14 {1-0 (24) Cifuentes Parada,R (2508)
-Salamero Pelay,F (2130)/Spain 2011/EXT 2013}) 14. Ba1 Nxe5 15. Nxe5 Bd7 16. f3
Nf6 17. Nd3 {with a long strategic battle, where White's chances are
preferable due to a space advantage.}) 13... a3 14. Bc3 ({After} 14. Bc1 g5 (
14... c5 $5 15. cxd5 exd5 16. Nxd7 Bxd7 17. dxc5 Bxc5 18. Qd3 Rad8 $11 {
is another solid way to equalise}) 15. Nxd7 Bxd7 16. c5 Bc7 17. b4 Be8 $132 {
White lacks harmony, so Black has no reasons for complaint.}) 14... Nxe5 15.
Nxe5 Bd7 ({The following simplification hardly promises Black equality:} 15...
Bxe5 16. dxe5 Nxc3 17. Qxc3 Bd7 18. c5 Be8 19. Rad1 Bh5 20. f3 $14) 16. Nxd7 {
The exchange of the passive bishop definitely makes Black's play easier.} ({
It looks like} 16. Be1 $142 $1 Be8 17. f3 Nf6 18. Nd3 e5 19. c5 (19. dxe5 Bxe5
20. Nxe5 Qxe5 21. Qc1 Qe7 $11) 19... Bc7 20. Nxe5 Bxe5 21. dxe5 Qxe5 22. Qc3
Qe7 23. Qd4 {would allow White to keep a small, but risk-free edge.}) 16...
Qxd7 17. c5 {This ambitious advance is double-edged: White seizes a lot of
space on the queenside, but releasing the pressure in the centre offer Black
decent counterplay on the opposite side.} (17. Be1 b5 18. f3 Nf6 19. c5 Bc7 20.
Bc3 h5 $11) 17... Bc7 ({Magnus deviates from a boring equalising line:} 17...
Nxc3 18. Qxc3 Be7 19. b4 b5 20. Rab1 Ra4 21. Rb3 Rfa8 $11) 18. b4 h5 {Black
has no real threats yet, but White's king is under pressure now.} 19. Be1 e5
20. dxe5 (20. f3 $5 {also deserved some attention:} Nf6 21. Rb1 exd4 22. exd4
h4 23. b5 hxg3 24. hxg3 Nh5 25. bxc6 bxc6 26. f4 Nf6 27. Rf3 $11) 20... Bxe5
21. Rd1 Qe6 {Keeping an eye on the vulnerable Pa2. The position is still equal,
but White has to play precisely.} 22. f3 ({After} 22. Rd3 h4 (22... Bb2 23. f3
Nf6 24. Bc3 $11) 23. gxh4 $1 f4 24. f3 Nf6 {White's position doesn't look good,
though} 25. Bf2 Qf5 26. e4 dxe4 27. fxe4 Qg6 28. Kh1 {enables him to keep the
balance.}) 22... Nf6 23. Bh3 $1 {White correctly opens up the position - the
bishops need more space! However, the king is getting exposed now.} (23. Qb3 {
was too passive:} Rfe8 24. Bf2 Bb2 $15) 23... g6 24. e4 dxe4 25. fxe4 Bb2 $1 {
This brave attempt to play for a win was fully justified.} ({After} 25... Ng4
26. exf5 Rxf5 27. Rxf5 gxf5 28. Bf2 Bb2 29. Re1 $11 {Black wouldn't be able to
win the Pa2, so White should be OK.}) 26. exf5 Qxa2 27. Bf2 {Anand's move is
natural - White is connecting the rooks, so the pieces are located more
harmoniously. However, this loss of tempi allows Magnus to stabilise the
situation on the kingside.} (27. Rf2 $1 {[%cal Ge1c3] was safer:} Rad8 28. Rxd8
Rxd8 29. Bc3 {and White neutralises the dangerous passer:} Nd5 30. f6 Kf7 31.
Bxb2 axb2 32. Qxb2 Qxb2 33. Rxb2 {with a drawish endgame.}) 27... g5 $1 28.
Rfe1 $2 {White doesn't have time for a slow improvement - the Pa2 is simply
too strong!} ({The correct approach would be} 28. Bg2 Qf7 29. Bd4 $1 Bxd4+ 30.
Rxd4 {Now, when the dark-squared bishop is gone, White is able to stop the
pawn:} Ng4 31. Qd2 a2 32. Qxg5+ Qg7 33. Qxg7+ Kxg7 34. Ra1 Ra4 35. Rd2 Rfa8 36.
b5 Rb4 (36... Ne5 37. bxc6 bxc6 38. f6+ $1 Kxf6 39. Rf2+ Ke6 40. Re2 {and
Black cannot make any progress.}) 37. Rdxa2 Rxa2 38. Rxa2 Rb1+ 39. Bf1 cxb5 (
39... Ne3 40. Rf2 cxb5 41. Rf3 $11) 40. Re2 Kf6 41. h3 Ne5 42. Kf2 {White
should be able to achieve a draw quite easily.}) 28... Qf7 $1 29. Re6 $1 {
Vishy manages to find the best way to develop his counterplay.} (29. Rd6 {
was much worse:} Rfe8 30. Rde6 Ng4 31. Bxg4 hxg4 32. Qb3 Rxe6 33. fxe6 Qf3 34.
Qc4 Qd5 35. Qc2 Kg7 36. e7 Re8 37. Re3 Bd4 38. Rxa3 Rxe7 $19) 29... Ng4 $2 {
This natural move is not the best from an objective point of view, though
White's task is becoming extremely tough.} ({After the correct} 29... Rfe8 $1
30. b5 cxb5 31. Bg2 b4 32. Bf1 Kh8 33. Bc4 Rxe6 34. fxe6 Qe7 $17 {White still
would have some counter-chances, but Black's advantage is indisputable there.})
30. Bxg4 hxg4 31. Rg6+ Kh7 32. Rd7 $4 {That desperate move leads to a quick
loss.} ({At the same time, Vishy could have escaped by means of} 32. Re6 $1 {
[%cal Ge6e7]} Rfe8 (32... Qxf5 33. Rd7+ Kg8 34. Rg6+ Kh8 35. Rh6+ $11) 33. Be3
$1 {It turns out, that White has enormous attacking resources everywhere:} Be5
$1 (33... Rxe6 34. fxe6+ Qg6 35. Rd7+ Kh6 (35... Bg7 36. Qa2 {leads nowhere})
36. Bxg5+ $1 Kxg5 37. h4+ gxh3 38. Qd2+ Kh5 39. Qe2+ Qg4 40. Rh7+ Kg5 41. Qe3+
Kf5 42. Rf7+ Bf6 43. Qf2+ Ke4 44. Rxf6 h2+ 45. Kxh2 Rh8+ 46. Kg1 Qd1+ 47. Qf1
Qxf1+ 48. Rxf1 Kd5 49. Ra1 $11) 34. h4 $3 gxh3 35. Rg6 {[%cal Gc2e2]} Bg7 36.
Rd7 $3 Qxd7 37. f6 Qd1+ 38. Qxd1 Kxg6 39. Qd3+ Kxf6 40. Bd4+ Kf7 41. Qf5+ Kg8
42. Bxg7 Kxg7 43. Qxg5+ {with perpetual.}) 32... Qxd7 $19 {Unfortunately,
there are not many pieces left. Black easily wins now.} 33. f6 Qd1+ (33... Rxf6
{was also good enough:} 34. Rxf6+ Kg8 35. Rg6+ Bg7 36. Qa2+ Qf7 $19) 34. Qxd1
Kxg6 35. Qd3+ Kh6 36. h4 gxh3 0-1

[Event "Corus"]
[Site "Wijk aan Zee"]
[Date "2000.01.16"]
[Round "2"]
[White "Anand, Viswanathan"]
[Black "Nikolic, Predrag"]
[Result "1-0"]
[WhiteElo "2769"]
[BlackElo "2659"]
[Annotator "Tyomkin,D"]
[PlyCount "79"]
[EventDate "2000.01.15"]
[EventType "tourn"]
[EventRounds "13"]
[EventCountry "NED"]
[EventCategory "18"]
[SourceTitle "CBM 075"]
[Source "ChessBase"]
[SourceDate "2000.04.05"]
[SourceVersion "1"]
[SourceVersionDate "2000.04.05"]
[SourceQuality "1"]

{I watched this game live on ICC (Internet Chess Club) and was impressed, how
easy Anand beat Nicolic in this game, but after some analyses I understood
that everything wasn't such clear in this game.} 1. d4 f5 2. g3 Nf6 3. Bg2 e6
4. c4 d5 5. Nh3 c6 6. O-O Bd6 7. Qc2 O-O 8. Nd2 Bd7 9. Nf3 Be8 (9... Ne4 10.
Ne5 Be8 11. Nd3 Nd7 12. f3 Nef6 13. Bf4 {The opening plan of white is typical
for this variation.} Qe7 14. c5 Bb8 15. Qc3 h6 16. Qb4 e5 {Getting into the
troubles, black tries to complicate the game.} 17. Qxb7 exf4 18. gxf4 Bxf4 19.
Nhxf4 Qe3+ 20. Kh1 Bf7 21. Qxc6 g5 22. Qd6 $1 $18 Kg7 23. Bh3 Qxd4 24. Bxf5
Nxc5 25. e3 Qxe3 26. Ng2 {1-0 Efimov,I-Kovacevic,B/Formia 1995/EXT 97 (26)})
10. Bf4 $146 {It is new move, but looks as the most logical in this position.}
(10. Nf4 Qe7 (10... Bf7 $6 11. b3 Nbd7 12. Nd3 Ne4 13. Bb2 Rc8 14. Rac1 g5 15.
Nfe5 Nef6 16. b4 Nh5 17. cxd5 $16 {1/2-1/2 Peng,Z-Zaitseva,L/Tivat 1995/EXT 97
(58)}) 11. Nd3 Bh5 (11... Nbd7 12. c5 Bc7 13. Bf4 Bxf4 14. Nxf4 e5 15. dxe5 Ne4
16. b4 $14 {1/2-1/2 Hudecek,J-Iljushin,A/Pardubice 1996/CBM 55 ext (31)}) 12.
Nfe5 (12. Bf4 Bxf3 13. Bxd6 Qxd6 14. c5 Qe7 15. exf3 $5 $14 {0-1 Zilberstein,
V-Ruban,V/Voronezh 1988/EXT 99 (47)}) 12... Nbd7 13. b3 Rac8 14. b4 Ng4 15.
Nxd7 Qxd7 16. Bf4 Bxf4 17. Nxf4 Bf7 18. h3 Nf6 19. c5 $16 {1-0 Shtyrenkov,
V-Iljushin,A/Pardubice 1995/EXT 97 (41)}) 10... h6 (10... Bh5 11. Bxd6 Qxd6 12.
Ne5 $14 {[%cal Gh3f4]}) 11. Qb3 {[%csl Rb7] White uses the defect of monouevre
of blacks bishop-blacks queenside is less protected.} (11. Bxd6 Qxd6 12. Nf4
Nbd7 $14) 11... b6 (11... b5 12. Bxd6 Qxd6 13. c5 Qe7 14. Nf4 $16 {[%cal Ga2a4,
Gf4d3]}) 12. Rfc1 Be7 (12... Bh5 $5 13. cxd5 Nxd5 14. Ne5 $14) 13. cxd5 Nxd5 ({
Probably was better to capture with the pawn, but also in that case black
doesn't solve the problem of the development of his queenside knight.} 13...
exd5 14. Ne5 g5 15. Bd2 a5 $1 $14 (15... Ne4 16. Bb4 $16) (15... Qd6 16. Nd3 {
[%cal Gd2b4]})) 14. Bd2 {[%cal Gh3f4]} g5 15. Ne5 a5 16. e4 $1 {White has some
advantage in space and in development and he should create some active play to
use these advantages.} fxe4 17. Bxe4 Ra7 (17... Bf6 18. Re1 $16 {[%cal Ga1d1,
Yf2f4]}) 18. f4 gxf4 19. Kh1 Bf6 (19... a4 20. Qf3 $16) 20. Nxf4 Qd6 21. Nfg6
$6 (21. Nc4 Qd7 22. Nxb6 (22. Ne5 {like in the game.}) 22... Nxb6 23. Qxb6 Rb7
24. Qxa5 Qxd4 $132) (21. Re1 $142 $16) 21... Bxg6 22. Nxg6 Rff7 23. Bf4 {
continuing initiative play.} (23. Bxd5 $5 {was forcing better ending.} Qxd5+ (
23... exd5 24. Bf4 Qd8 25. Qd3 {[%cal Gf4b8] I don't see a way for black to
save c6-pawn.} (25. Bxb8 $5 Qxb8 26. Rxc6)) 24. Qxd5 exd5 25. Bf4 Rab7 26. Ne5
$16 {[%csl Rb8,Rc6,Rh6]}) 23... Nxf4 24. gxf4 Bg7 $2 (24... Bxd4 25. Qh3 Bxb2
26. Rd1 Bd4 27. Rd3 $44 {[%cal Ga1d1,Yd3g3]}) (24... a4 $142 25. Qh3 a3 26. b3
(26. bxa3 Rxa3 27. Qg2 Rg7 {and still nothing clear.}) 26... Bxd4 27. Rd1 $36)
25. Qh3 Rf6 26. Rc3 Qxd4 27. Qg2 {[%cal Rc3d3]} Rd7 28. Rg1 (28. Rd3 $6 Qc5)
28... b5 29. Rg3 Qa7 30. Ne5 Re7 31. Qd2 $6 ({In my opinion, much better was:} 
31. Bxc6 $18 {[%cal Rc6d7] and it is not clear how to prevent Bd7.}) 31... Qc7
32. Rd3 $18 {Nothing can't stop whites attack. Black N is still stalled on-b8!}
Re8 33. Rd6 (33. Bxc6 Ref8 34. Qg2 $18 {[%cal Rd3d7]}) 33... c5 34. Ng4 Rff8
35. Nxh6+ Kh8 36. Ng4 Rd8 37. Qg2 $1 {[%mdl 128] Tough!} Rxd6 38. Qh3+ Kg8 39.
Qh7+ Kf7 40. Bg6+ 1-0

[Event "Augsburg"]
[Site "Augsburg"]
[Date "2004.12.31"]
[Round "5"]
[White "Atalik, Suat"]
[Black "Arnold, Lothar"]
[Result "1/2-1/2"]
[WhiteElo "2541"]
[BlackElo "2340"]
[Annotator "Atalik,S"]
[PlyCount "81"]
[EventDate "2004.12.27"]
[EventType "tourn"]
[EventRounds "11"]
[EventCountry "GER"]
[EventCategory "8"]
[SourceTitle "CBM 104 Extra"]
[Source "ChessBase"]
[SourceDate "2005.03.01"]
[SourceVersion "1"]
[SourceVersionDate "2005.03.01"]
[SourceQuality "1"]

1. d4 e6 2. c4 f5 3. Nf3 {Tarraschian approach! I am usually for the idea that
the pieces should be posted on natural squares. That is why I have shown a
preference for the text over Nh3 lines.} (3. g3 Nf6 4. Bg2 c6 5. Qc2 d5 6. Nh3
Bd6 7. O-O O-O $14 {is believed by many people to be better for white.}) 3...
Nf6 4. g3 d5 5. Bg2 c6 6. O-O Bd6 {We have a Stonewall over the board. Since
Shaba likes it one should never underestimate this line.} 7. Bf4 {The modern
approach.} (7. b3 Qe7 8. Bf4 Bxf4 9. gxf4 O-O 10. e3 $13) ({GM Chekov's} 7. Nc3
$5 O-O 8. Qc2 $13 {is a very interesting line as well.}) 7... Bxf4 8. gxf4 O-O
{c4 is untouchable for the moment.} (8... dxc4 $6 9. Ne5 Nd5 10. e3 b5 11. Qh5+
g6 12. Nxg6 Nf6 13. Qh3 Rg8 14. Ne5 Bb7 15. Kh1 Qe7 16. Nc3 c5 17. Bf3 $16) 9.
e3 Ne4 $1 (9... Bd7 $6 {The very old idea to bring the bishop on h5 does no
good for black. The bishop should be fianchettoed and black should go for c5
after that.} 10. Qb3 {That is why I wanted to have b3 square open.} Qb6 11. Nc3
$16) 10. Nc3 Nd7 11. Rc1 Qe7 12. Qe1 $6 {It is too early for this move.} (12.
Kh1 $6 b6 13. Qa4 (13. cxd5 cxd5) 13... Bb7 14. cxd5 cxd5 (14... exd5 $5 $36)
15. Ne2 (15. Rc2 $6 Rfc8 16. Rfc1 Rc4 17. Qb3 Rac8 $36) 15... a5 $1 16. Rc7 Ba6
17. Rxd7 Qe8 $132) (12. Ne2 Kh8 13. Ne5 Nxe5 14. fxe5 $14) (12. cxd5 exd5 13.
Ne2 $14) 12... b6 {Now white has problems on a6-f1 diagonal.} 13. cxd5 {
I have decided to clear the diagonal.} (13. Ne2 Ba6 14. cxd5 cxd5 $17) (13. b4
Qxb4 14. Nxe4 Qxe1 15. Nf6+ gxf6 16. Rfxe1 Ba6 17. cxd5 cxd5 18. Rc7 Rf7 19.
Rec1 Kf8 20. Ne1 Rg7 $17) (13. Nxe4 fxe4 14. Nd2 c5 15. f3 exf3 16. Rxf3 Bb7
$15 {is to black's advantage.}) 13... exd5 $6 {This was a relief!} (13... cxd5
$1 14. Kh1 (14. Qe2 a5 15. Rfd1 (15. Nb5 $2 Ba6 16. Rc6 Qb4 $19) 15... Ba6 16.
Qe1 $15 {is not the end of the world either.}) 14... Ba6 15. Rg1 Rac8 16. Ng5
Ndf6 17. f3 Nxc3 18. Rxc3 Rxc3 19. Qxc3 Rc8 20. Qd2 h6 21. Nh3 Qc7 22. Bf1 Bxf1
23. Rxf1 Qc2 24. Rd1 $11 (24. Qxc2 $2 Rxc2 25. Rf2 Rc1+ 26. Kg2 Ra1 $1 (26...
Re1 27. Rd2 {and black's rook does not have a point of entry on the 3rd rank
makes e3 untouchable.}) 27. a3 Re1 $19)) 14. Kh1 Rf6 $5 (14... Ba6 15. Rg1 Bd3
16. Bf1 Nxc3 17. Qxc3 Be4 18. Bg2 Rac8 19. Ng5 Bxg2+ 20. Rxg2 Nf6 (20... c5 21.
Rcg1) 21. Qd3 Ne4 22. Nf3 $13) 15. Rg1 (15. Bh3 Ba6 16. Rg1 Bd3 17. Nxe4 Bxe4
18. Rg3 Bxf3+ 19. Rxf3 g6 $13) (15. Ne5 $6 Nxe5 16. dxe5 Rh6 17. Nxe4 fxe4 18.
f3 Ba6 $17) 15... Rh6 16. Ng5 {White has to be careful about the possibilty of
an attack on h2.} (16. Ne5 $2 Nxe5 17. dxe5 Qh4 $19) (16. Nxe4 $2 fxe4 17. Ne5
Nxe5 $19) 16... Ndf6 17. Ncxe4 ({I have calculated correctly that} 17. f3 Nd6
18. e4 $2 fxe4 19. fxe4 dxe4 20. Ncxe4 Nfxe4 21. Nxe4 Re6 22. Rxc6 Rxe4 23.
Bxe4 Nxe4 $19 {loses.}) 17... Nxe4 18. Bf1 (18. Nxe4 fxe4 (18... Qh4 $6 19.
Nf6+)) (18. Nf3 c5 $40) 18... a5 $6 {An empty move.} (18... Bd7 19. Nxe4 (19.
Nf3 c5 20. Rg2 $13 (20. Ne5 Rc8 (20... cxd4 21. exd4 (21. f3 $2 Nc5 22. exd4
Ne6 $17) 21... Qh4 22. Rg2))) 19... fxe4 20. Rg5 Rf8 $11) 19. Nxe4 fxe4 20. Rg5
Bd7 21. Be2 Rf8 22. Qc3 (22. Qg1 Rff6) 22... Rf5 $11 {Another critical point
in the game. Even if I would have pulled the rook back the assesment of the
position would not have changed.} 23. Rcg1 (23. Rg2 Rff6 24. Rcg1 Rfg6 $11)
23... Rxg5 24. Rxg5 (24. fxg5 $6 Rh3 (24... Rd6 25. Qb3 b5 $132) 25. Qb3 Qd6
26. Rg2 Qc7 $15) 24... Rg6 25. Rg3 Qh4 26. Qe1 Bg4 (26... Bf5 27. Qg1 c5 28.
Rxg6 Bxg6 29. Qg3 Qxg3 30. fxg3 c4 31. Kg1 $11) 27. Bxg4 Rxg4 28. Qe2 Rxg3 29.
fxg3 Qh3 {This has given me a slight surprise.} (29... Qe7 30. a3 $1 $14 {
would have kept the game going on.} (30. Qa6 Qb4 $11) (30. Qg4 Qb4 $11)) 30.
Kg1 h5 31. a3 (31. Qa6 $2 h4 (31... Qg4 $2 $11) 32. Qf1 Qg4 $17) 31... Kf7 (
31... h4 $2 32. Qh5) 32. b4 {Around this moment I have lost my objectivity.} (
32. Qa6 Qg4 $11 {should end up in a perpetual check.}) 32... axb4 33. axb4 b5
34. Qd1 g6 35. Qe2 Kg7 36. Kh1 (36. Qc2 h4 (36... Qg4 37. Qxc6 Qd1+ $11) 37.
Qc5 $11) 36... Kf7 37. Kg1 Kg7 (37... Ke6 38. Qc2 Kd7 39. Qc5 $11) 38. Qe1 $2 {
This is a typical psychological mistake. With 200 points difference in the
rating scale the player with the white pieces thinks that he can play any move
and timid play by black so far encourages him.} Qg4 39. h4 Qf3 $6 {Unambitious.
} (39... Kf6 40. Kh2 (40. f5 Kxf5 41. Qf2+ Qf3 $19) (40. Qf2 Kf5 41. Kg2 Qd1
42. Qg1 Qd2+ 43. Kh3 Kf6 44. Qa1 Qxb4 45. Qa8 Qe7 $17) 40... Qf3 41. Kh3 (41.
Qc1 Kf5 42. Kh3 Qf2 43. Qxc6 Qf1+ 44. Kh2 Kg4) 41... Kf5 42. Qg1 $132) 40. Kh2
{White could have equalized immediately with a pawn sac.} (40. Qf2 Qd1+ 41. Kg2
Kf6 42. f5 gxf5 43. Qf4 Qe2+ 44. Kh3 Qg4+ 45. Qxg4 fxg4+ 46. Kg2 $11) 40... Kf7
(40... Kf6 41. Kh3 Kf5 42. Qc1 Qe2 43. Qa1 Qg4+ 44. Kh2 Qf3 45. Kh3 Qe2 46. Qc1
Qc4 47. Qg1 $1 $11 {would have transposed to the game.}) 41. Qd2 {Finally I
have decided to offer a draw which was accepted instantly.} (41. Qd2 Kf6 42.
Qc1 Kf5 43. Kh3 Qg4+ 44. Kh2 Qe2+ 45. Kh3 Qc4 46. Qg1 Qxb4 47. g4+ hxg4+ 48.
Qxg4+ Kf6 49. f5 (49. h5 gxh5 50. Qg5+ Ke6 51. f5+ Kd7 52. Qg7+ $11) 49... gxf5
50. Qg5+ Ke6 51. Qg6+ Kd7 52. h5 $11) 1/2-1/2